Ulmer Modelle, Modelle nach Ulm : (Record no. 12054)
[ view plain ]
| 000 -CABECERA | |
|---|---|
| campo de control de longitud fija | 01125nam a2200277 4500 |
| 003 - IDENTIFICADOR DEL NÚMERO DE CONTROL | |
| campo de control | OSt |
| 005 - FECHA Y HORA DE LA ÚLTIMA TRANSACCIÓN | |
| campo de control | 20260530113909.0 |
| 008 - DATOS DE LONGITUD FIJA--INFORMACIÓN GENERAL | |
| campo de control de longitud fija | 260506b2003 GE ||||| |||| 00| 0 eng d |
| 020 ## - NÚMERO INTERNACIONAL ESTÁNDAR DEL LIBRO | |
| Número Internacional Estándar del Libro | 3775791426 |
| 040 ## - FUENTE DE LA CATALOGACIÓN | |
| Centro catalogador/agencia de origen | ICI |
| Lengua de catalogación | SPA |
| Centro/agencia transcriptor | ICI |
| 041 ## - CÓDIGO DE LENGUA | |
| Código de lengua del texto/banda sonora o título independiente | ENG |
| 050 ## - SIGNATURA TOPOGRÁFICA DE LA BIBLIOTECA DEL CONGRESO | |
| Número de clasificación | NK430.G4 |
| Número de documento/Ítem | U5515 |
| 100 1# - ENTRADA PRINCIPAL--NOMBRE DE PERSONA | |
| Nombre de persona | Hatje Cantz |
| 9 (RLIN) | 33125 |
| 245 10 - MENCIÓN DE TÍTULO | |
| Título | Ulmer Modelle, Modelle nach Ulm : |
| Resto del título | Hochschule für Gestaltung Ulm 1953-1968 = Ulm School of design 1953-1968 / |
| Mención de responsabilidad, etc. | Ulmer Museum, HFG-Archiv |
| 264 #1 - PRODUCCIÓN, PUBLICACIÓN, DISTRIBUCIÓN, FABRICACIÓN Y COPYRIGHT | |
| Producción, publicación, distribución, fabricación y copyright | Ostfildern-Ruit : |
| Nombre del de productor, editor, distribuidor, fabricante | Hatje Cantz |
| Fecha de producción, publicación, distribución, fabricación o copyright | [2003] |
| 300 ## - DESCRIPCIÓN FÍSICA | |
| Extensión | 207 páginas : |
| Otras características físicas | ilustraciones ( algunas a color) |
| 336 ## - TIPO DE CONTENIDO | |
| Término de tipo de contenido | texto |
| Fuente | rdacontent |
| 337 ## - TIPO DE MEDIO | |
| Nombre/término del tipo de medio | sin medio |
| Fuente | rdamedia |
| 338 ## - TIPO DE SOPORTE | |
| Nombre/término del tipo de soporte | volumen |
| Fuente | rdacarrier |
| 500 ## - NOTA GENERAL | |
| Nota general | Catalog of an exhibition held Sept. 14-Nov. 30, 2003, at Stadthaus Ulm, to commemorate the 50th anniversary of the founding of Ulm School of Design |
| 610 ## - PUNTO DE ACCESO ADICIONAL DE MATERIA--NOMBRE DE ENTIDAD CORPORATIVA | |
| Nombre de entidad corporativa o nombre de jurisdicción como elemento de entrada | Hochschule für Gestaltung (Ulm, Alemania) |
| Subdivisión de forma | Exposiciones |
| Subdivisión general | Historia |
| 9 (RLIN) | 33126 |
| 650 ## - PUNTO DE ACCESO ADICIONAL DE MATERIA--TÉRMINO DE MATERIA | |
| Término de materia o nombre geográfico como elemento de entrada | Diseño |
| Subdivisión de forma | Exposiciones |
| Subdivisión general | Estudio y enseñanza (Superior) |
| Subdivisión geográfica | Alemania |
| 9 (RLIN) | 33127 |
| 710 #2 - PUNTO DE ACCESO ADICIONAL--NOMBRE DE ENTIDAD CORPORATIVA | |
| Nombre de entidad corporativa o nombre de jurisdicción como elemento de entrada | Ulmer Museum |
| 9 (RLIN) | 33128 |
| 710 #2 - PUNTO DE ACCESO ADICIONAL--NOMBRE DE ENTIDAD CORPORATIVA | |
| Nombre de entidad corporativa o nombre de jurisdicción como elemento de entrada | HfG-Archiv Ulm |
| 9 (RLIN) | 33129 |
| 942 ## - ELEMENTOS DE PUNTO DE ACCESO ADICIONAL (KOHA) | |
| Fuente del sistema de clasificación o colocación | Library of Congress Classification |
| Tipo de ítem Koha | |
| Suprimir en OPAC | 1 |
No items available.